000 00928nas a2200277 4500
001 BR2012004070
003 BR-BrBNA
005 20231205120654.0
007 ta
008 230509b bl.|||p| |||| 00| 00por d
040 _aBR-BrBNA
_bpor
_cBiblioteca Nacional de Agricultura
041 _a(Pt)
072 _aF70
100 1 _aPaiva, A.M. de
100 1 _aFilho, P.G.
100 1 _aPereira-Moura, V.L.
245 1 _aRubiaceae ornamentais do Campus da Universidade Federal Rural do Rio de Janeiro, Seropédica, R.J.
246 1 _aRubiaceae ornamentals of the Campus of the Universidade Federal Rural of Rio de Janeiro, Seropédica, R.J.
650 _aRUBIACEAE
650 _aPLANTA ORNAMENTAL
650 _aESPÉCIE
650 _aINVENTÁRIO
773 0 _tFloresta e Ambiente (Brazil)
_xISSN 1415-0980
_g(2009), v. 16(1) p. 39-46
_wBR2012004070
909 _a202311
_bLúcia
_c55
_dLúcia Elande
942 _2AGRIS
_n0
_cANA
999 _c219689
_d219689